Skoki narciarskie- rekordziści państw w długości lotu - Statystyki

Ogólne statystyki
  • Ten quiz został rozwiązany 77 razy
  • Średni wynik to 6 z 9
Statystyki odpowiedzi
Kraj/odległość Skoczek % Poprawnych
Polska 251,5m Kamil Stoch
99%
Słowenia 254,5m Domen Prevc
94%
Austria 253,5m Stefan Kraft
91%
USA 244,5m Kevin Bickner
75%
Norwegia 252m Robert Johansson
75%
Bułgaria 215m Vladimir Zografski
67%
Niemcy 248m Markus Eisenbichler
61%
Czechy 236m Antonin Hajek
39%
Francja 230,5m Vincent Descombes-sevoie
20%
Nie znaleziono quizów pasujących do podanych kryteriów
Rozkład punktacji
Procent ludzi z każdym wynikiem
Percentyl według liczby udzielonych odpowiedzi
Twoja historia wyników
Nie rozwiązałeś tego quizu